000 01223nam0a2200301 4500
001 RU\NLR\bibl\823642
005 20250614135903.0
010 _a5-9288-0065-7
_91100
021 _aRU
_b2005-33247
_91667
035 _a(NLR Aleph) 000812549
090 _a1250442
_c1250442
100 _a20050725d2005 |||y0rusy50 ca
101 0 _arus
102 _aRU
105 _aach |||||||||
200 1 _aДорогами войны 1941-1945
_eфронтовые зарисовки. Письма. Фотографии
_eдокументально-художественный альбом
_f[авт.-сост. Н.И. Сезева]
210 _aТюмень
_cТюменский издательский дом
_d2005
215 _a247 с.
_cил., портр., факс., цв. ил.
_d26
300 _aНа авантит.: 60 лет Великой победы
606 1 _aВеликая Отечественная война
_jАльбомы
_z1941 - 1945
_9903571
_3RU\NLR\auth\668893
686 _aЦ35(2)722.я61
702 1 _aСезева
_bН. И.
_gНаталья Ивановна
_4220
801 0 _aRU
_bNLR
_c20050725
_grcr
801 1 _aRU
_bNLR
_c20050725
942 _cBOOK
980 _aNB
980 _aNBR